| 000 | 00458nam a22001457a 4500 | ||
|---|---|---|---|
| 020 | _a0 258 967897 | ||
| 082 | _a026.95 COL | ||
| 100 | _aCollison, Robert | ||
| 245 | _aDirectiory of Libraries and Special Collections on Asia and North Africa | ||
| 260 |
_aLondon _bCrosby Lockwood & Son LTD _c1970 |
||
| 300 |
_ax,123p. _b22cm |
||
| 500 | _aInclude: Index | ||
| 650 | _aDirectiory of Libraries and Special Collections on Asia and North Africa | ||
| 942 | _cBK | ||
| 999 |
_c19120 _d19120 |
||